Welcome to WEB OPAC of MRSPTU Central Library

Indian Economy : For Civil Services Examination (Record no. 6535)

MARC details
000 -LEADER
fixed length control field 00459nam a2200169Ia 4500
008 - FIXED-LENGTH DATA ELEMENTS--GENERAL INFORMATION
fixed length control field 230711s9999||||xx |||||||||||||| ||und||
020 ## - INTERNATIONAL STANDARD BOOK NUMBER
International Standard Book Number 978-93-5260-614-6
041 ## - LANGUAGE CODE
Language code of text/sound track or separate title ENG
082 ## - DEWEY DECIMAL CLASSIFICATION NUMBER
Classification number 330.0954076
Item number SI-I
100 ## - MAIN ENTRY--PERSONAL NAME
Personal name Singh,Ramesh
245 #0 - TITLE STATEMENT
Title Indian Economy : For Civil Services Examination
250 ## - EDITION STATEMENT
Edition statement 9th Ed.
260 ## - PUBLICATION, DISTRIBUTION, ETC.
Date of publication, distribution, etc. 2017
Place of publication, distribution, etc. New Delhi
Name of publisher, distributor, etc. McGraw Hill Education(India) Private Limited
300 ## - PHYSICAL DESCRIPTION
Extent 26.11p.
650 ## - SUBJECT ADDED ENTRY--TOPICAL TERM
Topical term or geographic name entry element Literature
942 ## - ADDED ENTRY ELEMENTS (KOHA)
Koha item type Book
Holdings
Withdrawn status Lost status Damaged status Not for loan Collection Home library Current library Date acquired Source of acquisition Cost, normal purchase price Inventory number Total checkouts Full call number Barcode Date last seen Price effective from Koha item type Date last checked out
          MRSPTU Central Library MRSPTU Central Library 07/06/2043 Krishna Book Distributors 715.00 KBD/2017-2018/1019743059   330.0954076 SI-I 38600 08/17/2023 08/17/2023 Book  
          MRSPTU Central Library MRSPTU Central Library 07/06/2043 Krishna Book Distributors 715.00 KBD/2017-2018/1019743059   330.0954076 SI-I 38601 08/17/2023 08/17/2023 Book  
          MRSPTU Central Library MRSPTU Central Library 07/06/2043 Krishna Book Distributors 715.00 KBD/2017-2018/1019743059   330.0954076 SI-I 38602 08/17/2023 08/17/2023 Book  
          MRSPTU Central Library MRSPTU Central Library 07/06/2043 Krishna Book Distributors 715.00 KBD/2017-2018/1019743059 3 330.0954076 SI-I 38603 05/16/2025 08/17/2023 Book 04/23/2025
          MRSPTU Central Library MRSPTU Central Library 07/06/2043 Krishna Book Distributors 715.00 KBD/2017-2018/1019743059 1 330.0954076 SI-I 38604 03/20/2024 08/17/2023 Book 12/15/2023
          MRSPTU Central Library MRSPTU Central Library 07/06/2043 Krishna Book Distributors 715.00 KBD/2017-2018/1019743059   330.0954076 SI-I 38605 08/17/2023 08/17/2023 Book  
          MRSPTU Central Library MRSPTU Central Library 07/06/2043 Krishna Book Distributors 715.00 KBD/2017-2018/1019743059   330.0954076 SI-I 38606 08/17/2023 08/17/2023 Book  
          MRSPTU Central Library MRSPTU Central Library 07/06/2043 Krishna Book Distributors 715.00 KBD/2017-2018/1019743059   330.0954076 SI-I 38607 08/17/2023 08/17/2023 Book  
          MRSPTU Central Library MRSPTU Central Library 07/06/2043 Krishna Book Distributors 715.00 KBD/2017-2018/1019743059   330.0954076 SI-I 38608 08/17/2023 08/17/2023 Book  
          MRSPTU Central Library MRSPTU Central Library 07/06/2043 Krishna Book Distributors 715.00 KBD/2017-2018/1019743059   330.0954076 SI-I 38609 08/17/2023 08/17/2023 Book  

Website Designed and Developed by MRSPTU Central Library Team

E-mail Id: librarian@mrsptu.ac.in